UM Logo

Intermediate algebra/ (Record no. 1410)

MARC details
000 -LEADER
fixed length control field 00631nam a2200193 4500
008 - FIXED-LENGTH DATA ELEMENTS--GENERAL INFORMATION
fixed length control field 160322b xxu||||| |||| 00| 0 eng d
020 ## - INTERNATIONAL STANDARD BOOK NUMBER
International Standard Book Number 9780073406107
082 ## - DEWEY DECIMAL CLASSIFICATION NUMBER
Edition number 2010
Classification number DC 512
Item number M61
100 ## - MAIN ENTRY--PERSONAL NAME
9 (RLIN) 4266
Personal name Miller, Julie
245 ## - TITLE STATEMENT
Title Intermediate algebra/
Statement of responsibility, etc. Julie Miller, Molly O'Neill and Nancy Hyde.
250 ## - EDITION STATEMENT
Edition statement Second Edition
260 ## - PUBLICATION, DISTRIBUTION, ETC. (IMPRINT)
Place of publication, distribution, etc. Boston:
Name of publisher, distributor, etc. McGraw-Hill,
Date of publication, distribution, etc. ©2010.
300 ## - PHYSICAL DESCRIPTION
Extent xxvii, 797 pages:
Other physical details color illustrations;
Dimensions 27 cm.
500 ## - GENERAL NOTE
General note Includes appendices and indexes.
650 #0 - SUBJECT ADDED ENTRY--TOPICAL TERM
9 (RLIN) 4268
Topical term or geographic name as entry element Algebra
700 ## - ADDED ENTRY--PERSONAL NAME
9 (RLIN) 4269
Personal name O'Neill, Molly
Relator term Co-author
700 ## - ADDED ENTRY--PERSONAL NAME
9 (RLIN) 4270
Personal name Hyde, Nancy
Relator term Co-author
942 ## - ADDED ENTRY ELEMENTS (KOHA)
Source of classification or shelving scheme Dewey Decimal Classification
Koha item type Circulation
Holdings
Withdrawn status Lost status Source of classification or shelving scheme Damaged status Not for loan Collection code Home library Current library Date acquired Source of acquisition Total Checkouts Full call number Barcode Date last seen Copy number Price effective from Koha item type
    Dewey Decimal Classification     Circulation UM Digos College - LIC UM Digos College - LIC 04/22/2013 Purchased   DC 512.9 M61 2010 22075 05/15/2025 1 03/22/2016 Circulation